Il dolore infantile nel mito (Record no. 211541)

MARC details
000 -LEADER
fixed length control field 01167nam a2200205Ia 4500
001 - CONTROL NUMBER
control field b5591-37468
003 - CONTROL NUMBER IDENTIFIER
control field IT-MiCISF
008 - FIXED-LENGTH DATA ELEMENTS--GENERAL INFORMATION
fixed length control field 161014s9999||||xx |||||||||||||| ||und||
040 ## - CATALOGING SOURCE
Original cataloging agency IT-MiCISF
Transcribing agency IT-MiCISF
041 ## - LANGUAGE CODE
Language code of text/sound track or separate title it
999 ## - SYSTEM CONTROL NUMBERS (KOHA)
Koha Dewey Subclass [OBSOLETE] si
100 ## - MAIN ENTRY--PERSONAL NAME
Personal name Thomas Henry
245 #0 - TITLE STATEMENT
Title Il dolore infantile nel mito
Remainder of title Dalla mitologia alla psicoanalisi
250 ## - EDITION STATEMENT
Edition statement 1a ed.
260 ## - PUBLICATION, DISTRIBUTION, ETC. (IMPRINT)
Place of publication, distribution, etc. Roma
Name of publisher, distributor, etc. Magi
Date of publication, distribution, etc. 2003 [Edizione originale: 2002]
300 ## - PHYSICAL DESCRIPTION
Extent pp. 163
500 ## - GENERAL NOTE
General note / infanzia, dolore, cultura, psicoanalisi / La mitologia greca custodisce in sé una sorprendente conoscenza dell'animo umano e permette di cogliere il modo in cui si creano e si dissolvano i fantasmi più nascosti e i complessi più arcaici. Il destino degli dèi e degli eroi, oppressi dalle maledizioni, rispecchia il vissuto del bambino che soffre posto di fronte al delirio degli adulti, all'assenza d'amore, agli abusi e ai maltrattamenti. Vengono riportati i miti dei deliri parentali (Ercole, Dionisio, Atena, Persefone); i miti dell'abbandono (Orfeo, Pan, Narciso, Eco); i miti edipici (Io, Prometeo, Edipo).
650 ## - SUBJECT ADDED ENTRY--TOPICAL TERM
Topical term or geographic name as entry element Infanzia / età-evolutiva
Relator term 008
942 ## - ADDED ENTRY ELEMENTS (KOHA)
Koha item type LIBRO
957 ## -
-- 1
999 ## - SYSTEM CONTROL NUMBERS (KOHA)
-- 1
Holdings
Withdrawn status Lost status Damaged status Not for loan Home library Current library Date acquired Total Checkouts Full call number Date last seen Price effective from Koha item type Public note
    Buone Condizioni Not For Loan CISF - Milano CISF - Milano 14/10/2016   b5591-37468 14/10/2016 14/10/2016 LIBRO Data import 15.10.2016 / by Epidotti, Vaglietti
CREDITS: SOCIETA' SAN PAOLO Via A.Severo, 58 - ROMA (RM) & PERIODICI SAN PAOLO SRL Via Giotto, 36 MILANO & CISF Via Giotto, 36 MILANO & EDIZIONI SAN PAOLO SRL,  Piazza Soncino, 5 CINISELLO BALSAMO (MI) -- ITALY